Improving organic animal farming
Đã lưu trong:
| 格式: | 圖書 |
|---|---|
| 語言: | Undetermined |
| 出版: |
Rome
FAO
|
| 主題: | |
| 標簽: |
添加標簽
沒有標簽, 成為第一個標記此記錄!
|
| Thư viện lưu trữ: | Trung tâm Học liệu Trường Đại học Cần Thơ |
|---|
| LEADER | 00567nam a2200181Ia 4500 | ||
|---|---|---|---|
| 001 | CTU_233357 | ||
| 008 | 210402s9999 xx 000 0 und d | ||
| 020 | |c 6747000 | ||
| 082 | |a 636 | ||
| 082 | |b I.34 | ||
| 245 | 0 | |a Improving organic animal farming | |
| 245 | 0 | |c edited by Mette Vaarst and Stephen Roderick. | |
| 260 | |a Rome | ||
| 260 | |b FAO | ||
| 650 | |a Thú y,Canh tác hữu cơ,Organic farming,Veterinary medicine | ||
| 650 | |x Các khía cạnh môi trường. | ||
| 910 | |a Tuyến | ||
| 980 | |a Trung tâm Học liệu Trường Đại học Cần Thơ | ||